[Event "Kolkata Rapid op"]
[Site "Kolkata"]
[Date "2024.05.05"]
[Round "6"]
[White "Akash, Tiwari"]
[Black "Shahil, Dey"]
[Result "0-1"]
[WhiteElo "1797"]
[BlackElo "2238"]
[PlyCount "76"]
[EventDate "2024.05.04"]
[EventType "swiss (rapid)"]
[EventRounds "11"]
[EventCountry "IND"]
[SourceTitle "CBM 220 Extra"]
[Source "ChessBase"]
[SourceDate "2024.07.31"]
[SourceVersion "1"]
[SourceVersionDate "2024.07.31"]
[SourceQuality "1"]

1. c4 e5 2. Nc3 Nc6 3. g3 g6 4. Bg2 Bg7 5. d3 d6 6. Nf3 Nge7 7. 0-0 0-0 8. e4 f5 9. exf5 Bxf5 10. Bg5 Qd7 11. Qd2 Bh3 12. Bh6 Bxg2 13. Kxg2 Qg4 14. Ng1 Bxh6 15. Qxh6 Nd4 16. Ne4 Nef5 17. Qg5 Qxg5 18. Nxg5 Nc2 19. Ne6 Nxg3 20. fxg3 Ne3+ 21. Kh3 Rxf1 22. Rxf1 Nxf1 23. Nxc7 Rf8 24. Nb5 Rf2 25. Nxd6 Rxh2+ 26. Kg4 Rxb2 27. Nf3 Ne3+ 28. Kg5 Nf5 29. Nxf5 gxf5 30. Nxe5 Rxa2 31. d4 a5 32. d5 Rd2 33. Nd7 a4 34. Nf6+ Kf7 35. c5 a3 36. c6 bxc6 37. dxc6 Rc2 38. Nd7 a2 0-1

[Event "Kolkata Bengal op"]
[Site "Kolkata"]
[Date "2019.03.17"]
[Round "5"]
[White "Koustav, Chatterjee"]
[Black "Akash, Tiwari"]
[Result "1-0"]
[WhiteElo "2358"]
[BlackElo "1731"]
[PlyCount "61"]
[EventDate "2019.03.15"]
[EventType "swiss"]
[EventRounds "9"]
[EventCountry "IND"]
[SourceTitle "CBM 190 Extra"]
[Source "ChessBase"]
[SourceDate "2019.07.15"]
[SourceVersion "1"]
[SourceVersionDate "2019.07.15"]
[SourceQuality "1"]

1. d4 d5 2. Bf4 Nf6 3. e3 e6 4. Nd2 c5 5. c3 Bd6 6. Bg3 0-0 7. Ngf3 b6 8. Bd3 Ba6 9. Bxa6 Nxa6 10. Qe2 Nb8 11. dxc5 bxc5 12. e4 dxe4 13. Nxe4 Bxg3 14. Nxf6+ Qxf6 15. hxg3 g6 16. Ne5 Rd8 17. Qe4 Rd5 18. Ng4 Qe7 19. Ne3 Nc6 20. Nxd5 exd5 21. Qxe7 Nxe7 22. 0-0-0 Kg7 23. Rhe1 Kf6 24. Rd3 h5 25. Rde3 Nf5 26. Re8 Rxe8 27. Rxe8 Nh6 28. Ra8 Ng4 29. Rxa7 Nxf2 30. a4 Ne4 31. a5 1-0